Miller and Freund's Probability and Statistics for engineers / (Record no. 16142)

MARC details
000 -LEADER
fixed length control field 01275nac a22003731i 4500
003 - CONTROL NUMBER IDENTIFIER
control field EG-ScBUE
005 - DATE AND TIME OF LATEST TRANSACTION
control field 20241106160040.0
008 - FIXED-LENGTH DATA ELEMENTS--GENERAL INFORMATION
fixed length control field 111012t2011 maua f 001 0 eng d
020 ## - INTERNATIONAL STANDARD BOOK NUMBER
International Standard Book Number 0321694988
020 ## - INTERNATIONAL STANDARD BOOK NUMBER
International Standard Book Number 9780321694980
040 ## - CATALOGING SOURCE
Original cataloging agency EG-ScBUE
Language of cataloging eng
Description conventions rda
Transcribing agency EG-ScBUE
Modifying agency EG-ScBUE
082 04 - DEWEY DECIMAL CLASSIFICATION NUMBER
Classification number 519.202462
Item number JOH
Edition number 22
100 1# - MAIN ENTRY--PERSONAL NAME
Personal name Johnson, Richard A.
Fuller form of name (Richard Arnold),
Dates associated with a name 1937-
Relator term author.
9 (RLIN) 27524
245 10 - TITLE STATEMENT
Title Miller and Freund's Probability and Statistics for engineers /
Statement of responsibility, etc Richard A. Johnson, University of Wisconsin-Madison.
246 30 - VARYING FORM OF TITLE
Title proper/short title Probability and statistics for engineers
250 ## - EDITION STATEMENT
Edition statement Eighth edition.
250 ## - EDITION STATEMENT
Edition statement International edition.
264 ## - PUBLICATION, DISTRIBUTION, ETC. (IMPRINT)
Place of publication, distribution, etc Boston :
Name of publisher, distributor, etc Prentice Hall,
Date of publication, distribution, etc [2011]
264 ## - PUBLICATION, DISTRIBUTION, ETC. (IMPRINT)
Date of publication, distribution, etc c2011
300 ## - PHYSICAL DESCRIPTION
Extent viii, 544 pages :
Other physical details illustrations ;
Dimensions 25 cm
336 ## - CONTENT TYPE
Source rdacontent
Content type term text
Content type code txt
337 ## - MEDIA TYPE
Media type term unmediated
Source rdamedia
Media type code n
338 ## - CARRIER TYPE
Carrier type term volume
Carrier type code nc
Source rdacarrier
500 ## - GENERAL NOTE
General note Includes index.
500 ## - GENERAL NOTE
General note Includes Appendices.<br/>
600 17 - SUBJECT ADDED ENTRY--PERSONAL NAME
Source of heading or term BUEsh
Personal name Miller, Irwin,
Dates associated with a name 1928-
600 17 - SUBJECT ADDED ENTRY--PERSONAL NAME
Source of heading or term BUEsh
Personal name Freund, John E.
650 #7 - SUBJECT ADDED ENTRY--TOPICAL TERM
Topical term or geographic name as entry element Engineering
General subdivision Statistical methods.
Source of heading or term BUEsh
9 (RLIN) 27525
650 #7 - SUBJECT ADDED ENTRY--TOPICAL TERM
Topical term or geographic name as entry element Probabilities.
Source of heading or term BUEsh
9 (RLIN) 27526
653 ## - INDEX TERM--UNCONTROLLED
Arrived date list October2011
653 ## - INDEX TERM--UNCONTROLLED
Arrived date list October2011
655 ## - INDEX TERM--GENRE/FORM
Form subdivision Reading book
942 ## - ADDED ENTRY ELEMENTS (KOHA)
Koha item type Book - Borrowing
Source of classification or shelving scheme Dewey Decimal Classification
Holdings
Withdrawn status Lost status Source of classification or shelving scheme Damaged status Not for loan Collection code Home library Current library Shelving location Date acquired Source of acquisition Cost, normal purchase price Total Checkouts Total Renewals Full call number Barcode Date last seen Date checked out Cost, replacement price Price effective from Koha item type Materials specified (bound volume or other part)
    Dewey Decimal Classification     Baccah Central Library Central Library First floor 12/10/2011 Purchase 190.00 5 37 519.202462 JOH 000025400 15/07/2025 08/07/2015 237.50 12/10/2011 Book - Borrowing  
    Dewey Decimal Classification     Baccah Central Library Central Library First floor 12/10/2011 Purchase 190.00 5 5 519.202462 JOH 000025401 15/07/2025 13/10/2019 237.50 12/10/2011 Book - Borrowing  
    Dewey Decimal Classification     Baccah Central Library Central Library First floor 12/10/2011 Purchase 190.00 1 2 519.202462 JOH 000025402 15/07/2025 06/12/2011 237.50 12/10/2011 Book - Borrowing  
    Dewey Decimal Classification     Baccah Central Library Central Library First floor 12/10/2011 Purchase 190.00 4 27 519.202462 JOH 000025403 15/07/2025 18/11/2013 237.50 12/10/2011 Book - Borrowing  
    Dewey Decimal Classification     Baccah Central Library Central Library First floor 12/10/2011 Purchase 190.00 2 35 519.202462 JOH 000025404 15/07/2025 16/10/2012 237.50 12/10/2011 Book - Borrowing  
    Dewey Decimal Classification     Baccah Central Library Central Library First floor 12/10/2011 Purchase 190.00 3 31 519.202462 JOH 000025405 15/07/2025 08/10/2015 237.50 12/10/2011 Book - Borrowing  
    Dewey Decimal Classification     Baccah Central Library Central Library First floor 12/10/2011 Purchase 190.00 3 13 519.202462 JOH 000025406 15/07/2025 08/10/2015 237.50 12/10/2011 Book - Borrowing  
    Dewey Decimal Classification     Baccah Central Library Central Library First floor 12/10/2011 Purchase 190.00 4 44 519.202462 JOH 000025407 15/07/2025 23/01/2016 237.50   Book - Borrowing  
    Dewey Decimal Classification     Baccah Central Library Central Library First floor 12/10/2011 Purchase 190.00 4 17 519.202462 JOH 000025408 15/07/2025 29/09/2014 237.50 12/10/2011 Book - Borrowing  
  Lost Dewey Decimal Classification     Baccah Central Library Central Library First floor 12/10/2011 Purchase 190.00     519.202462 JOH 000025409 12/10/2011   237.50 12/10/2011 NB - Book (Non borrowing) Lost In Inventory_2015-8-23